El nuevo estado industrial

Պահպանված է:
Մատենագիտական մանրամասներ
Հիմնական հեղինակ: Galbraith, John Kenneth (Հեղինակ)
Ձևաչափ: Գիրք
Լեզու:իսպաներեն
Հրապարակվել է: Barcelona Ariel 1974
Հրատարակություն:6a. ed
Շարք:Demos. Biblioteca de Ciencia Económica
Խորագրեր:
Ցուցիչներ: Ավելացրեք ցուցիչ
Չկան պիտակներ, Եղեք առաջինը, ով նշում է այս գրառումը!

MARC

LEADER 00000nam a2200000 a 4500
001 UCU2700
003 CL-VaPUC
008 960426e19740000SP |||||||||||||||||spa|d
082 0 4 |a 338.881  |b GAL  |2 21 
100 |a Galbraith, John Kenneth  |e author  |9 591930 
245 1 3 |a El nuevo estado industrial 
250 |a 6a. ed 
300 |a 504 p 
942 |c BK 
945 |d 19960426 00:00:00  |a paguirre 
260 |a Barcelona  |b Ariel  |c 1974 
650 0 |a Industrias   |9 263688 
650 0 |a Industrialización  |9 263687 
650 0 |a Desarrollo industrial  |9 322675 
650 7 |a SISTEMA PRODUCTIVO  |2 CL-VaPUC  |9 359096 
650 7 |a POTENCIAL INDUSTRIAL  |2 CL-VaPUC  |9 359097 
583 |a last modification  |c 19960426 00:00:00  |k Rodrigo Vera 
490 0 |a Demos. Biblioteca de Ciencia Económica 
999 |c 246933  |d 246931 
952 |0 0  |1 0  |4 0  |6 338_881000000000000_GAL_1974  |7 0  |8 A  |9 262309  |a BIBING  |b BIBING  |d 2019-11-19  |i 1642502  |o 338.881 GAL 1974  |p 1642502  |r 2025-01-20  |w 2019-11-19  |y BK  |k GEO